European cities by football stadiums #1 - Statistics

General Stats
  • This quiz has been taken 165 times
  • The average score is 13 of 16
Answer Stats
Picture Hint Answer % Correct
Old trafford Manchester
100%
Wembley London
99%
San Siro Milan
97%
Allianz Arena Munich
95%
Parc des Princes Paris
94%
Estadio Metropolitano Madrid
93%
Johan Cruijff Arena Amsterdam
92%
Stamford Bridge London
92%
Stadio Diego Maradona Naples
88%
Signal Iduna Park Dortmund
84%
Estadio da luz Lisbon
83%
Puskas Arena Budapest
78%
Ataturk Olumpic Stadium Istanbul
74%
Hampden Park Glasgow
58%
San Mames Bilbao
57%
PGE Narodowy Warsaw
56%
No matching quizzes found
Score Distribution
Percent of People with Each Score
Percentile by Number Answered
Your Score History
You have not taken this quiz